Managing Diversity Uganda's Experience (Record no. 7709)

MARC details
000 -LEADER
fixed length control field 00518nam a22001697a 4500
003 - CONTROL NUMBER IDENTIFIER
control field OSt
005 - DATE AND TIME OF LATEST TRANSACTION
control field 20220218135933.0
008 - FIXED-LENGTH DATA ELEMENTS--GENERAL INFORMATION
fixed length control field 220218b ||||| |||| 00| 0 eng d
020 ## - INTERNATIONAL STANDARD BOOK NUMBER
International Standard Book Number 9789970927401
040 ## - CATALOGING SOURCE
Transcribing agency DDC
082 ## - DEWEY DECIMAL CLASSIFICATION NUMBER
Classification number 362 MAN 2014
245 ## - TITLE STATEMENT
Title Managing Diversity Uganda's Experience
Statement of responsibility, etc. : a collection of essays produced by the pluralism knowledge programme in Uganda
260 ## - PUBLICATION, DISTRIBUTION, ETC. (IMPRINT)
Place of publication, distribution, etc. Uganda
Name of publisher, distributor, etc. : Cultural Foundation
Date of publication, distribution, etc. , 2014
300 ## - PHYSICAL DESCRIPTION
Extent 424p.
Dimensions 24 cm
650 ## - SUBJECT ADDED ENTRY--TOPICAL TERM
Topical term or geographic name as entry element Managing diversity
9 (RLIN) 15744
942 ## - ADDED ENTRY ELEMENTS (KOHA)
Source of classification or shelving scheme Dewey Decimal Classification
Koha item type Book
Holdings
Withdrawn status Lost status Source of classification or shelving scheme Damaged status Not for loan Home library Current library Date acquired Source of acquisition Inventory number Total Checkouts Full call number Barcode Date last seen Price effective from Koha item type
    Dewey Decimal Classification     Faculty of Interdisciplinary Studies Library Faculty of Interdisciplinary Studies Library 18/02/2022 Purchase 14/4715   362 MAN 2014 2022-0226 18/02/2022 18/02/2022 Book
    Dewey Decimal Classification     Faculty of Interdisciplinary Studies Library Faculty of Interdisciplinary Studies Library 18/02/2022 Purchase 14/4711   362 MAN 2014 2022-0227 18/02/2022 18/02/2022 Book
    Dewey Decimal Classification     Faculty of Interdisciplinary Studies Library Faculty of Interdisciplinary Studies Library 18/02/2022 Purchase 14/4713   362 MAN 2014 2022-0228 18/02/2022 18/02/2022 Book
    Dewey Decimal Classification     Faculty of Interdisciplinary Studies Library Faculty of Interdisciplinary Studies Library 18/02/2022 Purchase 14/4716   362 MAN 2014 2022-0229 18/02/2022 18/02/2022 Book
    Dewey Decimal Classification     Faculty of Interdisciplinary Studies Library Faculty of Interdisciplinary Studies Library 18/02/2022 Purchase 14/4714   362 MAN 2014 2022-0230 18/02/2022 18/02/2022 Book
    Dewey Decimal Classification     Faculty of Interdisciplinary Studies Library Faculty of Interdisciplinary Studies Library 18/02/2022 Purchase 14/4712   362 MAN 2014 2022-0231 18/02/2022 18/02/2022 Book